MARC details
| 000 -LÍDER |
| campo de controle de tamanho fixo |
01561naa a22003737a 4500 |
| 001 - NÚMERO DE CONTROLE |
| campo de controle |
BR9000175 |
| 003 - IDENTIFICADOR DO NÚMERO DE CONTROLE |
| campo de controle |
BR-BrBNA |
| 005 - DATA E HORÁRIO DA ÚLTIMA TRANSAÇÃO |
| campo de controle |
20240918180556.0 |
| 007 - CAMPO FIXO DE DESCRIÇÃO FÍSICA--INFORMAÇÃO GERAL |
| campo de controle de tamanho fixo |
ta |
| 008 - CAMPO DE DADOS FIXOS--INFORMAÇÃO GERAL |
| campo de controle de tamanho fixo |
230509b bl.||||| |||| 00| 0 por d |
| 040 ## - FONTE DA CATALOGAÇÃO |
| Instituição da catalogação original |
BR-BrBNA |
| Idioma da catalogação |
por |
| Instituição que transcreveu o registro |
Biblioteca Nacional de Agricultura |
| 041 ## - CÓDIGO DE IDIOMA |
| Código do idioma do texto/trilha sonora ou título diferente |
(Pt) |
| 072 ## - CÓDIGO DE CATEGORIA DE ASSUNTO |
| Código de Categoria de Assunto |
F01; E71 |
| Código do objeto |
0336 |
| -- |
1060 |
| -- |
0120 |
| -- |
0180 |
| -- |
0230 |
| -- |
2120 |
| -- |
2110 |
| -- |
G514 |
| 090 ## - NÚMERO DE CHAMADA LOCAL |
| Número de chamada |
F01 BR9000175 |
| 100 1# - ENTRADA PRINCIPAL--NOME PESSOAL |
| Nome pessoal |
Jensen, V. |
| 111 1# - ENTRADA PRINCIPAL--NOME DO EVENTO |
| Nome do evento ou lugar |
2. Simposio Avancado de Solos e Nutricao de Plantas |
| Local do evento |
Piracicaba, SP (Brazil) |
| Data do evento ou assinatura do tratado |
10-13 Oct 1989 |
| 245 1# - TÍTULO |
| Título |
Perspectivas da agricultura brasileira frente ao mercado internacional de produtos agricolas |
| 246 1# - FORMA VARIANTE DO TÍTULO |
| Título/título abreviado |
[Perspectives of brazilian agriculture facing the international market of agricultural products] |
| 246 1# - FORMA VARIANTE DO TÍTULO |
| Título/título abreviado |
[Annals of the 2nd Advanced Symposium of Soils and Plant Nutrition] |
| 260 3# - PUBLICAÇÃO, DISTRIBUIÇÃO, ETC. |
| Local de publicação, distribuição, etc. |
Campinas, SP (Brasil): |
| Data da publicação, distribuição, etc. |
1989. |
| 500 ## - NOTA GERAL |
| Nota geral |
Dechen, A.R.; Carmello, Q.A. de C.; Floss, E.L.<br/>Anais do 2. Simposio de Solos e Nutricao de Plantas<br/>Campinas, SP (Brasil): 1989. p. 1-13<br/>(BR9000175-AM)F01<br/> |
| 650 ## - ASSUNTO--TERMO TÓPICO |
| Cabeçalho tópico ou nome geográfico |
SOJA |
| 650 ## - ASSUNTO--TERMO TÓPICO |
| Cabeçalho tópico ou nome geográfico |
LARANJA |
| 650 ## - ASSUNTO--TERMO TÓPICO |
| Cabeçalho tópico ou nome geográfico |
MILHO |
| 650 ## - ASSUNTO--TERMO TÓPICO |
| Cabeçalho tópico ou nome geográfico |
TRIGO |
| 650 ## - ASSUNTO--TERMO TÓPICO |
| Cabeçalho tópico ou nome geográfico |
CANA DE ACUCAR |
| 650 ## - ASSUNTO--TERMO TÓPICO |
| Cabeçalho tópico ou nome geográfico |
CAFE |
| 650 ## - ASSUNTO--TERMO TÓPICO |
| Cabeçalho tópico ou nome geográfico |
CACAU |
| 650 ## - ASSUNTO--TERMO TÓPICO |
| Cabeçalho tópico ou nome geográfico |
PRODUCAO VEGETAL |
| 650 ## - ASSUNTO--TERMO TÓPICO |
| Cabeçalho tópico ou nome geográfico |
MERCADO INTERNACIONAL |
| 773 0# - ENTRADA ANALÍTICA |
| Título |
Anais do 2. Simposio de Solos e Nutricao de Plantas |
| Entrada principal |
Dechen, A.R.; Carmello, Q.A. de C.; Floss, E.L.. Fundacao Cargill, Campinas, SP (Brasil) |
| Número de controle do registro |
F01 BR9000175 |
| Partes relacionadas |
Campinas, SP (Brasil), 1989. p. 1-13 |
| 909 ## - |
| -- |
202404 |
| -- |
Lucia |
| -- |
55 |
| -- |
Lucia Elande |
| 942 ## - ELEMENTOS DE ENTRADA ADICIONADOS (KOHA) |
| Tipo de material Koha |
Capítulo-Livro |
| Fonte da classificação ou esquema de arquivamento na estante |
Classificação AGRIS |